Tĩnh học và sức bền vật liệu

Sparad:
Bibliografiska uppgifter
Huvudupphovsman: Cheng, Fa-Hwa
Materialtyp: Bok
Språk:Undetermined
Publicerad: Thành phố Hồ Chí Minh Nxb. Thành phố Hồ Chí Minh 2000
Ämnen:
Taggar: Lägg till en tagg
Inga taggar, Lägg till första taggen!
Thư viện lưu trữ: Trung tâm Học liệu Trường Đại học Cần Thơ
LEADER 00621nam a2200193Ia 4500
001 CTU_40488
008 210402s9999 xx 000 0 und d
020 |c 64000 
082 |a 624.1712 
082 |b C518 
100 |a Cheng, Fa-Hwa 
245 0 |a Tĩnh học và sức bền vật liệu 
245 0 |c Fa-Hwa Cheng ; Lưu Văn Hy ( biên dịch ) 
260 |a Thành phố Hồ Chí Minh 
260 |b Nxb. Thành phố Hồ Chí Minh 
260 |c 2000 
650 |a Statics,Strength of materials 
904 |i Qhieu đã sửa 
980 |a Trung tâm Học liệu Trường Đại học Cần Thơ